[Event "DEM U14 2023"]
[Site "Willingen GER"]
[Date "2023.06.02"]
[Round "8"]
[White "Nönnig, Jakob"]
[Black "Herrmann, Jakob"]
[Result "0-1"]
[Termination "normal"]
[Board "18"]
[WhiteElo "1736"]
[BlackElo "2084"]
[WhiteClock "00:01:19"]
[BlackClock "00:31:45"]
[PlyCount "132"]
[WhiteFideId "16289447"]
[BlackFideId "16287169"]
[EventCountry "GER"]
[EventRounds "9"]
[EventType "swiss"]
[EventDate "2023.05.27"]

1. e4 {[%clk 01:30:57]} {[%emt 00:00:01]} c5 {[%clk 01:30:50]} {[%emt
00:00:12]} 2. Nf3 {[%clk 01:31:19]} {[%emt 00:00:06]} d6 {[%clk 01:31:15]}
{[%emt 00:00:05]} 3. d4 {[%clk 01:31:42]} {[%emt 00:00:07]} cxd4 {[%clk
01:31:40]} {[%emt 00:00:06]} 4. Nxd4 {[%clk 01:32:06]} {[%emt 00:00:05]} Nf6
{[%clk 01:32:04]} {[%emt 00:00:06]} 5. Nc3 {[%clk 01:32:29]} {[%emt 00:00:07]}
g6 {[%clk 01:32:20]} {[%emt 00:00:14]} 6. Be3 {[%clk 01:32:50]} {[%emt
00:00:09]} Bg7 {[%clk 01:32:44]} {[%emt 00:00:06]} 7. f3 {[%clk 01:33:08]}
{[%emt 00:00:16]} O-O {[%clk 01:33:05]} {[%emt 00:00:04]} 8. Bc4 {[%clk
01:33:31]} {[%emt 00:00:08]} Nc6 {[%clk 01:33:28]} {[%emt 00:00:07]} 9. Qd2
{[%clk 01:33:53]} {[%emt 00:00:08]} Bd7 {[%clk 01:33:54]} {[%emt 00:00:04]} 10.
O-O-O {[%clk 01:34:15]} {[%emt 00:00:08]} Rc8 {[%clk 01:34:19]} {[%emt
00:00:04]} 11. Bb3 {[%clk 01:34:38]} {[%emt 00:00:07]} Nxd4 {[%clk 01:34:43]}
{[%emt 00:00:06]} 12. Bxd4 {[%clk 01:35:02]} {[%emt 00:00:06]} b5 {[%clk
01:35:07]} {[%emt 00:00:06]} 13. Nd5 {[%clk 01:34:42]} {[%emt 00:00:50]} Nxd5
{[%clk 01:35:27]} {[%emt 00:00:11]} 14. Bxg7 {[%clk 01:34:55]} {[%emt
00:00:17]} Kxg7 {[%clk 01:35:51]} {[%emt 00:00:06]} 15. exd5 {[%clk 01:35:18]}
{[%emt 00:00:07]} a5 {[%clk 01:36:12]} {[%emt 00:00:09]} 16. a3 {[%clk
01:35:31]} {[%emt 00:00:29]} b4 {[%clk 01:34:47]} {[%emt 00:01:43]} 17. axb4
{[%clk 01:35:41]} {[%emt 00:00:20]} axb4 {[%clk 01:35:11]} {[%emt 00:00:06]}
18. Qxb4 {[%clk 01:36:06]} {[%emt 00:00:05]} Kg8 {[%clk 01:35:18]} {[%emt
00:00:22]} 19. Rhe1 {[%clk 01:35:21]} {[%emt 00:01:16]} Re8 {[%clk 01:26:28]}
{[%emt 00:09:21]} 20. Re3 {[%clk 01:33:49]} {[%emt 00:02:01]} Rb8 {[%clk
01:24:52]} {[%emt 00:02:05]} 21. Qd4 {[%clk 01:13:00]} {[%emt 00:21:19]} Qa5
{[%clk 01:18:21]} {[%emt 00:07:03]} 22. Qc3 {[%clk 01:04:49]} {[%emt 00:08:40]}
Qa8 {[%clk 00:52:55]} {[%emt 00:25:56]} 23. Kd2 {[%clk 00:53:51]} {[%emt
00:11:27]} Rec8 {[%clk 00:44:34]} {[%emt 00:08:52]} 24. Qd4 {[%clk 00:53:25]}
{[%emt 00:00:56]} Qa5+ {[%clk 00:44:57]} {[%emt 00:00:07]} 25. Ke2 {[%clk
00:50:35]} {[%emt 00:03:20]} Rb4 {[%clk 00:44:07]} {[%emt 00:01:19]} 26. Qd2
{[%clk 00:50:13]} {[%emt 00:00:52]} Qb6 {[%clk 00:42:26]} {[%emt 00:02:11]} 27.
Kf2 {[%clk 00:19:56]} {[%emt 00:30:45]} f5 {[%clk 00:21:17]} {[%emt 00:21:40]}
28. g3 {[%clk 00:17:09]} {[%emt 00:03:17]} f4 {[%clk 00:20:50]} {[%emt
00:00:57]} 29. gxf4 {[%clk 00:17:30]} {[%emt 00:00:09]} Rxf4 {[%clk 00:21:02]}
{[%emt 00:00:19]} 30. Kg3 {[%clk 00:10:53]} {[%emt 00:07:07]} Rcf8 {[%clk
00:20:07]} {[%emt 00:01:25]} 31. Rf1 {[%clk 00:09:52]} {[%emt 00:01:30]} Qd8
{[%clk 00:13:39]} {[%emt 00:06:59]} 32. Kg2 {[%clk 00:06:51]} {[%emt 00:03:30]}
Qe8 {[%clk 00:12:17]} {[%emt 00:01:52]} 33. c3 {[%clk 00:04:17]} {[%emt
00:03:05]} g5 {[%clk 00:12:02]} {[%emt 00:00:45]} 34. Re4 {[%clk 00:02:00]}
{[%emt 00:02:48]} Bh3+ {[%clk 00:10:47]} {[%emt 00:01:44]} 35. Kxh3 {[%clk
00:01:34]} {[%emt 00:00:56]} Qh5+ {[%clk 00:11:04]} {[%emt 00:00:13]} 36. Kg2
{[%clk 00:01:31]} {[%emt 00:00:34]} Rxe4 {[%clk 00:11:28]} {[%emt 00:00:06]}
37. Bd1 {[%clk 00:01:11]} {[%emt 00:00:50]} g4 {[%clk 00:11:08]} {[%emt
00:00:50]} 38. f4 {[%clk 00:01:02]} {[%emt 00:00:39]} Qh3+ {[%clk 00:11:05]}
{[%emt 00:00:32]} 39. Kg1 {[%clk 00:01:18]} {[%emt 00:00:15]} g3 {[%clk
00:09:45]} {[%emt 00:01:50]} 40. hxg3 {[%clk 00:01:35]} {[%emt 00:00:13]} Qxg3+
{[%clk 00:10:07]} {[%emt 00:00:08]} 41. Qg2 {[%clk 00:00:40]} {[%emt 00:01:25]}
Qxg2+ {[%clk 00:10:08]} {[%emt 00:00:29]} 42. Kxg2 {[%clk 00:01:08]} {[%emt
00:00:02]} Rfxf4 {[%clk 00:09:16]} {[%emt 00:01:23]} 43. Rxf4 {[%clk 00:28:36]}
{[%emt 00:03:01]} Rxf4 {[%clk 00:39:35]} {[%emt 00:00:12]} 44. Be2 {[%clk
00:28:13]} {[%emt 00:00:52]} Kf8 {[%clk 00:35:13]} {[%emt 00:04:53]} 45. b4
{[%clk 00:25:27]} {[%emt 00:03:15]} Ke8 {[%clk 00:35:13]} {[%emt 00:00:30]} 46.
Kg3 {[%clk 00:17:38]} {[%emt 00:08:18]} Rf5 {[%clk 00:34:56]} {[%emt 00:00:47]}
47. c4 {[%clk 00:16:33]} {[%emt 00:01:35]} Re5 {[%clk 00:35:10]} {[%emt
00:00:16]} 48. Bf3 {[%clk 00:13:08]} {[%emt 00:03:54]} Kd7 {[%clk 00:32:06]}
{[%emt 00:03:35]} 49. c5 {[%clk 00:10:45]} {[%emt 00:02:54]} dxc5 {[%clk
00:32:14]} {[%emt 00:00:22]} 50. bxc5 {[%clk 00:10:57]} {[%emt 00:00:17]} e6
{[%clk 00:32:24]} {[%emt 00:00:20]} 51. c6+ {[%clk 00:09:47]} {[%emt 00:01:41]}
Kd6 {[%clk 00:32:48]} {[%emt 00:00:05]} 52. dxe6 {[%clk 00:09:59]} {[%emt
00:00:18]} Kxe6 {[%clk 00:31:02]} {[%emt 00:02:16]} 53. Kf4 {[%clk 00:08:12]}
{[%emt 00:02:18]} Rc5 {[%clk 00:31:03]} {[%emt 00:00:29]} 54. Kg4 {[%clk
00:08:17]} {[%emt 00:00:23]} Kf6 {[%clk 00:30:43]} {[%emt 00:00:51]} 55. Kf4
{[%clk 00:08:04]} {[%emt 00:00:43]} Rc4+ {[%clk 00:29:57]} {[%emt 00:01:16]}
56. Kg3 {[%clk 00:08:15]} {[%emt 00:00:19]} Kg5 {[%clk 00:30:15]} {[%emt
00:00:12]} 57. Bg2 {[%clk 00:07:52]} {[%emt 00:00:53]} h5 {[%clk 00:30:23]}
{[%emt 00:00:22]} 58. Kh3 {[%clk 00:03:32]} {[%emt 00:04:51]} Rc3+ {[%clk
00:30:11]} {[%emt 00:00:42]} 59. Kh2 {[%clk 00:03:59]} {[%emt 00:00:03]} Kg4
{[%clk 00:30:11]} {[%emt 00:00:30]} 60. Bd5 {[%clk 00:02:32]} {[%emt 00:01:57]}
Rc2+ {[%clk 00:30:13]} {[%emt 00:00:28]} 61. Bg2 {[%clk 00:01:58]} {[%emt
00:01:04]} h4 {[%clk 00:30:01]} {[%emt 00:00:42]} 62. Kg1 {[%clk 00:00:54]}
{[%emt 00:01:33]} Kg3 {[%clk 00:30:21]} {[%emt 00:00:11]} 63. Bf1 {[%clk
00:00:39]} {[%emt 00:00:46]} Rxc6 {[%clk 00:30:33]} {[%emt 00:00:17]} 64. Bg2
{[%clk 00:00:34]} {[%emt 00:00:35]} Rc1+ {[%clk 00:30:57]} {[%emt 00:00:07]}
65. Bf1 {[%clk 00:01:01]} {[%emt 00:00:02]} h3 {[%clk 00:31:20]} {[%emt
00:00:08]} 66. Kh1 {[%clk 00:01:19]} {[%emt 00:00:12]} Rxf1# {[%clk 00:31:45]}
{[%emt 00:00:04]} 0-1

[Event "DEM U14 2023"]
[Site "Willingen GER"]
[Date "2023.06.02"]
[Round "8"]
[White "Torosyan, Bagrat"]
[Black "Birkenheier, Nicolas"]
[Result "1-0"]
[Termination "normal"]
[Board "19"]
[WhiteElo "1973"]
[BlackElo "1550"]
[WhiteClock "00:03:24"]
[BlackClock "00:02:01"]
[PlyCount "93"]
[WhiteFideId "16258134"]
[BlackFideId "16287100"]
[EventCountry "GER"]
[EventRounds "9"]
[EventType "swiss"]
[EventDate "2023.05.27"]

1. e4 {[%clk 01:30:59]} {[%emt 00:01:23]} e5 {[%clk 01:30:53]} {[%emt
00:00:07]} 2. Nf3 {[%clk 01:31:18]} {[%emt 00:00:11]} Nc6 {[%clk 01:31:16]}
{[%emt 00:00:07]} 3. Bc4 {[%clk 01:31:45]} {[%emt 00:00:04]} Bc5 {[%clk
01:31:31]} {[%emt 00:00:14]} 4. c3 {[%clk 01:32:10]} {[%emt 00:00:05]} Nf6
{[%clk 01:31:43]} {[%emt 00:00:18]} 5. d3 {[%clk 01:32:36]} {[%emt 00:00:04]}
d6 {[%clk 01:30:34]} {[%emt 00:01:39]} 6. Nbd2 {[%clk 01:32:00]} {[%emt
00:01:06]} a6 {[%clk 01:30:12]} {[%emt 00:01:01]} 7. Bb3 {[%clk 01:32:23]} Ba7
{[%clk 01:29:35]} {[%emt 00:01:05]} 8. h3 {[%clk 01:31:49]} {[%emt 00:01:03]}
Be6 {[%clk 01:27:12]} {[%emt 00:02:54]} 9. Bc2 {[%clk 01:30:51]} {[%emt
00:01:27]} O-O {[%clk 01:25:48]} {[%emt 00:01:54]} 10. O-O {[%clk 01:30:52]}
{[%emt 00:00:29]} d5 {[%clk 01:24:02]} {[%emt 00:02:17]} 11. exd5 {[%clk
01:30:26]} {[%emt 00:00:56]} Nxd5 {[%clk 01:23:45]} {[%emt 00:00:47]} 12. Nc4
{[%clk 01:17:40]} {[%emt 00:13:15]} f6 {[%clk 01:17:38]} {[%emt 00:06:37]} 13.
Re1 {[%clk 01:13:06]} {[%emt 00:05:04]} Re8 {[%clk 01:10:48]} {[%emt 00:07:21]}
14. Ne3 {[%clk 01:07:04]} {[%emt 00:06:31]} Nf4 {[%clk 00:55:56]} {[%emt
00:15:23]} 15. Nh4 {[%clk 00:57:00]} {[%emt 00:10:34]} f5 {[%clk 00:34:17]}
{[%emt 00:22:09]} 16. Nhxf5 {[%clk 00:34:33]} {[%emt 00:22:57]} Bxe3 {[%clk
00:25:02]} {[%emt 00:09:45]} 17. Nxe3 {[%clk 00:34:37]} {[%emt 00:00:25]} Qg5
{[%clk 00:23:54]} {[%emt 00:01:38]} 18. Kh2 {[%clk 00:28:42]} {[%emt 00:06:25]}
Rad8 {[%clk 00:15:14]} {[%emt 00:09:11]} 19. Qf3 {[%clk 00:13:22]} {[%emt
00:15:48]} Rf8 {[%clk 00:12:08]} {[%emt 00:03:38]} 20. Nc4 {[%clk 00:09:38]}
{[%emt 00:04:15]} Bd5 {[%clk 00:10:49]} {[%emt 00:01:49]} 21. Bxf4 {[%clk
00:09:24]} {[%emt 00:00:44]} Rxf4 {[%clk 00:10:50]} {[%emt 00:00:30]} 22. Qg3
{[%clk 00:09:37]} {[%emt 00:00:16]} Qf6 {[%clk 00:09:37]} {[%emt 00:01:43]} 23.
Ne3 {[%clk 00:07:54]} {[%emt 00:02:15]} Be6 {[%clk 00:08:41]} {[%emt 00:01:26]}
24. Re2 {[%clk 00:07:09]} {[%emt 00:01:14]} h5 {[%clk 00:08:06]} {[%emt
00:01:05]} 25. Nc4 {[%clk 00:05:56]} {[%emt 00:01:44]} h4 {[%clk 00:06:54]}
{[%emt 00:01:41]} 26. Qe3 {[%clk 00:06:18]} {[%emt 00:00:07]} Bxc4 {[%clk
00:05:01]} {[%emt 00:02:24]} 27. dxc4 {[%clk 00:06:38]} {[%emt 00:00:11]} Rf8
{[%clk 00:04:50]} {[%emt 00:00:41]} 28. Kg1 {[%clk 00:06:41]} {[%emt 00:00:25]}
Rd8 {[%clk 00:04:26]} {[%emt 00:00:55]} 29. Rd2 {[%clk 00:06:15]} {[%emt
00:00:57]} Rxd2 {[%clk 00:03:32]} {[%emt 00:01:23]} 30. Qxd2 {[%clk 00:06:43]}
{[%emt 00:00:02]} Qe7 {[%clk 00:01:35]} {[%emt 00:02:27]} 31. Rd1 {[%clk
00:05:15]} {[%emt 00:01:58]} Qf6 {[%clk 00:01:14]} {[%emt 00:00:51]} 32. Qd5+
{[%clk 00:04:47]} {[%emt 00:00:59]} Kh8 {[%clk 00:01:06]} {[%emt 00:00:38]} 33.
Qd3 {[%clk 00:05:11]} {[%emt 00:00:06]} e4 {[%clk 00:01:03]} {[%emt 00:00:34]}
34. Qe3 {[%clk 00:05:21]} {[%emt 00:00:19]} Qf5 {[%clk 00:00:37]} {[%emt
00:00:56]} 35. Rd5 {[%clk 00:04:54]} {[%emt 00:00:55]} Qf6 {[%clk 00:00:41]}
{[%emt 00:00:27]} 36. Bxe4 {[%clk 00:04:34]} {[%emt 00:00:51]} g6 {[%clk
00:00:45]} {[%emt 00:00:25]} 37. Rd7 {[%clk 00:03:47]} {[%emt 00:01:17]} Ne5
{[%clk 00:00:45]} {[%emt 00:00:31]} 38. Rxc7 {[%clk 00:03:25]} {[%emt
00:00:53]} Nf7 {[%clk 00:00:43]} {[%emt 00:00:31]} 39. Bd5 {[%clk 00:02:55]}
{[%emt 00:01:00]} Ne5 {[%clk 00:00:33]} {[%emt 00:00:39]} 40. Qa7 {[%clk
00:02:50]} {[%emt 00:00:34]} Qf8 {[%clk 00:00:41]} {[%emt 00:00:23]} 41. Rxb7
{[%clk 00:02:23]} {[%emt 00:00:58]} Nf7 {[%clk 00:00:39]} {[%emt 00:00:31]} 42.
Rxf7 {[%clk 00:02:09]} {[%emt 00:00:44]} Rxf7 {[%clk 00:00:56]} {[%emt
00:00:13]} 43. Qxf7 {[%clk 00:02:29]} {[%emt 00:00:09]} Qd8 {[%clk 00:01:07]}
{[%emt 00:00:20]} 44. c5 {[%clk 00:02:18]} {[%emt 00:00:41]} a5 {[%clk
00:01:20]} {[%emt 00:00:18]} 45. c6 {[%clk 00:02:40]} {[%emt 00:00:08]} a4
{[%clk 00:01:37]} {[%emt 00:00:13]} 46. c7 {[%clk 00:02:59]} {[%emt 00:00:10]}
Qc8 {[%clk 00:02:01]} {[%emt 00:00:06]} 47. Qg8+ {[%clk 00:03:24]} {[%emt
00:00:05]} 1-0

[Event "DEM U14 2023"]
[Site "Willingen GER"]
[Date "2023.06.02"]
[Round "8"]
[White "Ahryzkov, Ivan"]
[Black "Sickmann, Lisa"]
[Result "1/2-1/2"]
[Termination "normal"]
[Board "20"]
[WhiteElo "1494"]
[BlackElo "1892"]
[WhiteClock "00:16:05"]
[BlackClock "00:30:34"]
[PlyCount "99"]
[WhiteFideId "34123750"]
[BlackFideId "16267818"]
[EventCountry "GER"]
[EventRounds "9"]
[EventType "swiss"]
[EventDate "2023.05.27"]

1. e4 {[%clk 01:30:58]} {[%emt 00:00:02]} e5 {[%clk 01:30:58]} {[%emt
00:00:03]} 2. Nf3 {[%clk 01:31:13]} {[%emt 00:00:15]} Nc6 {[%clk 01:31:24]}
{[%emt 00:00:05]} 3. Bc4 {[%clk 01:31:35]} {[%emt 00:00:07]} Bc5 {[%clk
01:31:47]} {[%emt 00:00:06]} 4. Nc3 {[%clk 01:31:58]} {[%emt 00:00:07]} Nf6
{[%clk 01:32:04]} {[%emt 00:00:14]} 5. d3 {[%clk 01:32:12]} {[%emt 00:00:15]}
h6 {[%clk 01:32:26]} {[%emt 00:00:09]} 6. h3 {[%clk 01:31:32]} {[%emt
00:01:10]} d6 {[%clk 01:30:59]} {[%emt 00:01:58]} 7. Be3 {[%clk 01:31:31]}
{[%emt 00:00:30]} Bb6 {[%clk 01:30:14]} {[%emt 00:01:15]} 8. Qd2 {[%clk
01:29:20]} {[%emt 00:02:41]} Be6 {[%clk 01:27:38]} {[%emt 00:03:06]} 9. Bb3
{[%clk 01:29:03]} {[%emt 00:00:47]} d5 {[%clk 01:25:50]} {[%emt 00:02:18]} 10.
exd5 {[%clk 01:28:19]} {[%emt 00:01:14]} Nxd5 {[%clk 01:25:54]} {[%emt
00:00:26]} 11. O-O-O {[%clk 01:25:21]} {[%emt 00:03:28]} Nxe3 {[%clk 01:18:12]}
{[%emt 00:08:13]} 12. fxe3 {[%clk 01:21:09]} {[%emt 00:04:41]} Bxb3 {[%clk
01:17:53]} {[%emt 00:00:49]} 13. axb3 {[%clk 01:21:31]} {[%emt 00:00:08]} Qd7
{[%clk 01:17:49]} {[%emt 00:00:33]} 14. Rhf1 {[%clk 01:14:45]} {[%emt
00:07:16]} O-O-O {[%clk 01:16:46]} {[%emt 00:01:33]} 15. Nh4 {[%clk 01:14:10]}
{[%emt 00:01:04]} a5 {[%clk 01:08:54]} {[%emt 00:08:23]} 16. Rf2 {[%clk
01:11:03]} {[%emt 00:03:37]} g6 {[%clk 01:07:55]} {[%emt 00:01:29]} 17. Rf6
{[%clk 00:59:33]} {[%emt 00:12:00]} Qe7 {[%clk 01:01:24]} {[%emt 00:07:01]} 18.
Rdf1 {[%clk 00:51:37]} {[%emt 00:08:26]} Nb4 {[%clk 00:56:38]} {[%emt
00:05:17]} 19. Qe2 {[%clk 00:37:45]} {[%emt 00:14:21]} Rh7 {[%clk 00:50:50]}
{[%emt 00:06:17]} 20. g3 {[%clk 00:36:14]} {[%emt 00:02:01]} Nd5 {[%clk
00:36:27]} {[%emt 00:14:53]} 21. Nxd5 {[%clk 00:35:30]} {[%emt 00:01:14]} Rxd5
{[%clk 00:31:53]} {[%emt 00:05:04]} 22. Qg4+ {[%clk 00:31:50]} {[%emt
00:04:10]} Kb8 {[%clk 00:28:55]} {[%emt 00:03:28]} 23. Ng2 {[%clk 00:24:04]}
{[%emt 00:08:15]} Rd6 {[%clk 00:26:05]} {[%emt 00:03:19]} 24. Qf3 {[%clk
00:22:40]} {[%emt 00:01:55]} Rxf6 {[%clk 00:25:34]} {[%emt 00:01:02]} 25. Qxf6
{[%clk 00:23:05]} {[%emt 00:00:04]} Bc5 {[%clk 00:25:33]} {[%emt 00:00:32]} 26.
Qxe7 {[%clk 00:14:52]} {[%emt 00:08:43]} Bxe7 {[%clk 00:25:46]} {[%emt
00:00:17]} 27. e4 {[%clk 00:15:04]} {[%emt 00:00:18]} Kc8 {[%clk 00:24:33]}
{[%emt 00:01:43]} 28. Kd2 {[%clk 00:14:25]} {[%emt 00:01:09]} Kd7 {[%clk
00:23:57]} {[%emt 00:01:05]} 29. Ke2 {[%clk 00:14:02]} {[%emt 00:00:54]} Ke6
{[%clk 00:23:44]} {[%emt 00:00:44]} 30. Ne3 {[%clk 00:14:17]} {[%emt 00:00:14]}
c6 {[%clk 00:23:56]} {[%emt 00:00:17]} 31. Nc4 {[%clk 00:11:46]} {[%emt
00:03:01]} Bd8 {[%clk 00:24:17]} {[%emt 00:00:10]} 32. Ra1 {[%clk 00:08:19]}
{[%emt 00:03:57]} b6 {[%clk 00:23:10]} {[%emt 00:01:37]} 33. b4 {[%clk
00:08:43]} {[%emt 00:00:07]} axb4 {[%clk 00:23:00]} {[%emt 00:00:39]} 34. Ra6
{[%clk 00:08:58]} {[%emt 00:00:14]} f5 {[%clk 00:20:14]} {[%emt 00:03:17]} 35.
Nxb6 {[%clk 00:09:02]} {[%emt 00:00:26]} Rb7 {[%clk 00:17:55]} {[%emt
00:02:48]} 36. Nc4 {[%clk 00:09:23]} {[%emt 00:00:09]} Rc7 {[%clk 00:17:37]}
{[%emt 00:00:48]} 37. Rb6 {[%clk 00:08:02]} {[%emt 00:01:52]} Be7 {[%clk
00:16:42]} {[%emt 00:01:24]} 38. Rb8 {[%clk 00:06:34]} {[%emt 00:01:58]} h5
{[%clk 00:15:15]} {[%emt 00:01:58]} 39. Kf3 {[%clk 00:04:54]} {[%emt 00:02:11]}
g5 {[%clk 00:14:20]} {[%emt 00:01:25]} 40. exf5+ {[%clk 00:03:01]} {[%emt
00:02:22]} Kxf5 {[%clk 00:14:40]} {[%emt 00:00:10]} 41. Ne3+ {[%clk 00:03:27]}
{[%emt 00:00:05]} Ke6 {[%clk 00:14:46]} {[%emt 00:00:21]} 42. Rh8 {[%clk
00:02:40]} {[%emt 00:01:18]} h4 {[%clk 00:14:58]} {[%emt 00:00:19]} 43. g4
{[%clk 00:02:22]} {[%emt 00:00:47]} Ra7 {[%clk 00:13:50]} {[%emt 00:01:39]} 44.
Nc4 {[%clk 00:00:47]} {[%emt 00:02:06]} Ra1 {[%clk 00:13:31]} {[%emt 00:00:48]}
45. Rh6+ {[%clk 00:00:32]} {[%emt 00:00:45]} Bf6 {[%clk 00:13:34]} {[%emt
00:00:26]} 46. Rh7 {[%clk 00:00:53]} {[%emt 00:00:09]} Rh1 {[%clk 00:11:54]}
{[%emt 00:02:11]} 47. Kg2 {[%clk 00:27:26]} {[%emt 00:03:57]} Rc1 {[%clk
00:41:56]} {[%emt 00:00:28]} 48. Ne3 {[%clk 00:27:38]} {[%emt 00:00:15]} Be7
{[%clk 00:38:14]} {[%emt 00:04:14]} 49. Rh6+ {[%clk 00:25:58]} {[%emt
00:02:11]} Kd7 {[%clk 00:30:34]} {[%emt 00:08:09]} 50. Rh7 {[%clk 00:16:05]}
{[%emt 00:10:23]} 1/2-1/2

[Event "DEM U14 2023"]
[Site "Willingen GER"]
[Date "2023.06.02"]
[Round "8"]
[White "Skembris, Simon Max"]
[Black "Li, Luxuan"]
[Result "1-0"]
[Termination "normal"]
[Board "21"]
[WhiteElo "1967"]
[BlackElo "1403"]
[WhiteClock "01:05:49"]
[BlackClock "00:33:11"]
[PlyCount "70"]
[WhiteFideId "16281381"]
[BlackFideId "34617507"]
[EventCountry "GER"]
[EventRounds "9"]
[EventType "swiss"]
[EventDate "2023.05.27"]

1. e4 {[%clk 01:30:57]} {[%emt 00:00:02]} c5 {[%clk 01:30:55]} {[%emt
00:00:05]} 2. Nf3 {[%clk 01:31:19]} {[%emt 00:00:07]} Nc6 {[%clk 01:31:20]}
{[%emt 00:00:05]} 3. d4 {[%clk 01:31:43]} {[%emt 00:00:07]} cxd4 {[%clk
01:31:44]} {[%emt 00:00:05]} 4. Nxd4 {[%clk 01:32:10]} {[%emt 00:00:03]} Nf6
{[%clk 01:31:58]} {[%emt 00:00:16]} 5. Nc3 {[%clk 01:32:23]} {[%emt 00:00:17]}
e5 {[%clk 01:32:06]} {[%emt 00:00:24]} 6. Ndb5 {[%clk 01:32:44]} {[%emt
00:00:08]} d6 {[%clk 01:31:47]} {[%emt 00:00:48]} 7. Bg5 {[%clk 01:32:54]}
{[%emt 00:00:19]} a6 {[%clk 01:31:06]} {[%emt 00:01:12]} 8. Na3 {[%clk
01:33:08]} {[%emt 00:00:17]} b5 {[%clk 01:31:24]} {[%emt 00:00:11]} 9. Nd5
{[%clk 01:33:27]} {[%emt 00:00:11]} Be7 {[%clk 01:30:43]} {[%emt 00:01:10]} 10.
Bxf6 {[%clk 01:33:42]} {[%emt 00:00:16]} Bxf6 {[%clk 01:30:57]} {[%emt
00:00:16]} 11. c3 {[%clk 01:33:51]} {[%emt 00:00:21]} O-O {[%clk 01:30:00]}
{[%emt 00:01:27]} 12. Nc2 {[%clk 01:34:03]} {[%emt 00:00:18]} Bg5 {[%clk
01:29:45]} {[%emt 00:00:45]} 13. a4 {[%clk 01:32:50]} {[%emt 00:01:43]} bxa4
{[%clk 01:29:27]} {[%emt 00:00:47]} 14. Rxa4 {[%clk 01:32:35]} {[%emt
00:00:46]} f5 {[%clk 01:27:51]} {[%emt 00:02:06]} 15. exf5 {[%clk 01:26:05]}
{[%emt 00:07:00]} Bxf5 {[%clk 01:24:35]} {[%emt 00:03:45]} 16. Rxa6 {[%clk
01:22:57]} {[%emt 00:03:39]} Rxa6 {[%clk 01:20:21]} {[%emt 00:04:44]} 17. Bxa6
{[%clk 01:21:49]} {[%emt 00:01:38]} Bxc2 {[%clk 01:05:50]} {[%emt 00:15:00]}
18. Qxc2 {[%clk 01:20:07]} {[%emt 00:02:12]} Qa5 {[%clk 00:59:55]} {[%emt
00:06:26]} 19. Bc4 {[%clk 01:18:07]} {[%emt 00:02:30]} Qa1+ {[%clk 00:55:03]}
{[%emt 00:05:22]} 20. Ke2 {[%clk 01:15:16]} {[%emt 00:03:20]} Rxf2+ {[%clk
00:48:40]} {[%emt 00:06:54]} 21. Kxf2 {[%clk 01:15:08]} {[%emt 00:00:38]} Qxh1
{[%clk 00:46:20]} {[%emt 00:02:49]} 22. Nf6+ {[%clk 01:09:30]} {[%emt
00:06:09]} Kf8 {[%clk 00:45:11]} {[%emt 00:01:39]} 23. Nxh7+ {[%clk 01:09:42]}
{[%emt 00:00:18]} Ke7 {[%clk 00:45:09]} {[%emt 00:00:32]} 24. Nxg5 {[%clk
01:09:30]} {[%emt 00:00:42]} Qxh2 {[%clk 00:43:48]} {[%emt 00:01:51]} 25. Qe4
{[%clk 01:07:44]} {[%emt 00:02:15]} Qf4+ {[%clk 00:38:49]} {[%emt 00:05:29]}
26. Qxf4 {[%clk 01:07:40]} {[%emt 00:00:34]} exf4 {[%clk 00:39:12]} {[%emt
00:00:08]} 27. Nf3 {[%clk 01:07:24]} {[%emt 00:00:44]} Kf6 {[%clk 00:38:51]}
{[%emt 00:00:52]} 28. b4 {[%clk 01:07:10]} {[%emt 00:00:44]} g5 {[%clk
00:37:16]} {[%emt 00:02:05]} 29. b5 {[%clk 01:06:16]} {[%emt 00:01:24]} Nb8
{[%clk 00:36:14]} {[%emt 00:01:33]} 30. b6 {[%emt 00:01:30]} g4 {[%clk
00:35:55]} 31. Nd4 {[%clk 01:06:18]} {[%emt 00:00:17]} Ke5 {[%clk 00:35:36]}
{[%emt 00:00:49]} 32. b7 {[%clk 01:06:25]} {[%emt 00:00:24]} Ke4 {[%clk
00:33:49]} {[%emt 00:02:16]} 33. Bb5 {[%clk 01:06:04]} {[%emt 00:00:50]} g3+
{[%clk 00:33:11]} {[%emt 00:01:08]} 34. Ke2 {[%clk 01:05:55]} {[%emt 00:00:39]}
Kd5 {[%clk 00:32:58]} {[%emt 00:00:43]} 35. Nc6 {[%clk 01:05:49]} {[%emt
00:00:37]} Nd7 {[%clk 00:33:11]} {[%emt 00:00:17]} 1-0